Tactical Missile Aerodynamics; Prediction Methodology, 2nd (Record no. 289548)

000 -LEADER
fixed length control field 00275 a2200097 4500
001 - CONTROL NUMBER
control field 54475
090 ## - LOCALLY ASSIGNED LC-TYPE CALL NUMBER (OCLC); LOCAL CALL NUMBER (RLIN)
-- 33909
-- 33909
100 ## - MAIN ENTRY--PERSONAL NAME
Personal name Mendenhall, Michael R.
245 ## - TITLE STATEMENT
Title Tactical Missile Aerodynamics; Prediction Methodology, 2nd
260 ## - PUBLICATION, DISTRIBUTION, ETC.
Place of publication, distribution, etc. Amrica
Name of publisher, distributor, etc. AIAA AIAA AIAA
Date of publication, distribution, etc. 1992
942 ## - ADDED ENTRY ELEMENTS (KOHA)
Institution code [OBSOLETE] NUST-CAE
Koha item type
--
Holdings
Withdrawn status Lost status Damaged status Not for loan Collection code Permanent Location Current Location Date acquired Total Checkouts Barcode Date last seen Price effective from Koha item type
          College of Aeronautical Engineering (CAE) College of Aeronautical Engineering (CAE) 04/03/2017   CAEN-4320 04/05/2017 04/05/2017 Book
          College of Aeronautical Engineering (CAE) College of Aeronautical Engineering (CAE) 04/03/2017   CAEN-806 04/05/2017 04/05/2017 Book
© 2023 Central Library, National University of Sciences and Technology. All Rights Reserved.